000 00788nam a22001817a 4500
999 _c371463
_d371463
008 201127b ||||| |||| 00| 0 eng d
040 _aDE-2950
_bger
_cDE-2950
_erda
041 _ager
245 _aAuf einem alten Fabrikgelände soll ein neues Viertel entstehen.
_bIMMOBILIEN. Das Unternehmen Krebs & Schulze baut auf einer Industriebrache in der Lebuser Vorstadt 340 Wohnungen. Die ersten Arbeiten haben schon begonnen /
_cThomas Gutke
264 _c2022
653 _aFrankfurt (Oder) <Ortsteil Lebuser Vorstadt>
653 _aWohnungsbau
773 _dFrankfurt (Oder) Märkisches Verlags- und Druckhaus GmbH & Co KG
_tMärkische Oderzeitung
_g33. Jahrgang (2022) Nr. 46 vom 24.02.2022, S. 13
942 _cA